[Event "Charlotte Masters 3rd"]
[Site "Charlotte"]
[Date "2021.07.16"]
[Round "1"]
[White "Amburgy, Ryan"]
[Black "Dill, James C"]
[Result "1-0"]
[WhiteElo "2012"]
[BlackElo "1817"]
[PlyCount "107"]
[EventDate "2021.07.16"]
[EventType "swiss"]
[EventRounds "5"]
[EventCountry "USA"]
[SourceTitle "CBM 203 Extra"]
[Source "ChessBase"]
[SourceDate "2021.09.30"]
[SourceVersion "1"]
[SourceVersionDate "2021.09.30"]
[SourceQuality "1"]

1. Nf3 d5 2. g3 Nf6 3. Bg2 Bf5 4. c4 c6 5. Qb3 Qc7 6. d3 Nbd7 7. 0-0 e6 8. cxd5 exd5 9. Nc3 Be7 10. Be3 Nc5 11. Bxc5 Bxc5 12. e4 dxe4 13. Nxe4 Be7 14. Nxf6+ Bxf6 15. Rfe1+ Be6 16. Bh3 0-0-0 17. Bxe6+ fxe6 18. Rxe6 Qb6 19. Qxb6 axb6 20. Re3 Bxb2 21. Rb1 Ba3 22. d4 Bd6 23. Rxb6 Bc7 24. Rb1 Rd7 25. Kg2 b6 26. Re6 Kb7 27. Rc1 Ra8 28. Rc2 Bd6 29. Nd2 Ra4 30. Nc4 Bc7 31. Ne3 Raxd4 32. Rexc6 Be5 33. Re6 Bf6 34. Nc4 Bd8 35. Ne5 Rd2 36. Rec6 R7d5 37. Nf3 R2d3 38. Re6 Bf6 39. h4 Ra3 40. Nd2 Rc5 41. Nc4 Rc3 42. Rxc3 Bxc3 43. Nxb6 Ra5 44. Nc4 Rxa2 45. Nd6+ Kb8 46. Nf5 g6 47. Ne3 Bd4 48. Kf3 Kc8 49. Re7 Ra7 50. Rxa7 Bxa7 51. Kf4 Bd4 52. Kg5 Bg7 53. Ng4 Bd4 54. Kh6 1-0

[Event "US Masters op"]
[Site "Greensboro"]
[Date "2019.08.24"]
[Round "6"]
[White "Sheppard, Dore A"]
[Black "Dill, James C"]
[Result "1-0"]
[WhiteElo "2023"]
[BlackElo "1925"]
[PlyCount "83"]
[EventDate "2019.08.21"]
[EventType "swiss"]
[EventRounds "9"]
[EventCountry "USA"]
[SourceTitle "EXT 2020"]
[Source "ChessBase"]
[SourceDate "2019.10.17"]
[SourceVersion "1"]
[SourceVersionDate "2019.10.17"]
[SourceQuality "1"]

1. Nf3 d5 2. b3 Bf5 3. Bb2 c6 4. g3 e6 5. Bg2 Nf6 6. 0-0 h6 7. d3 Be7 8. Nbd2 0-0 9. Qe1 a5 10. e4 Bh7 11. a3 Na6 12. e5 Nd7 13. Qe2 Qb6 14. Rab1 Nac5 15. Rfd1 Qa6 16. Nf1 b6 17. h4 Nb7 18. N1h2 a4 19. b4 c5 20. bxc5 Nbxc5 21. Nd4 Rac8 22. Bc1 Rfe8 23. Nhf3 f6 24. Bh3 f5 25. Nb5 Nb8 26. Nd6 Bxd6 27. exd6 Ne4 28. Bb2 Rcd8 29. Re1 Nxd6 30. Ne5 b5 31. f4 Nc6 32. Nxc6 Qxc6 33. Qe5 Rd7 34. Re2 Ree7 35. Bd4 Nc8 36. Bg2 Nd6 37. c3 Ne8 38. Qb8 Rb7 39. Qa8 Kf7 40. Reb2 Nd6 41. Qh8 Kg6 42. h5+ 1-0

[Event "US Masters op"]
[Site "Greensboro"]
[Date "2019.08.22"]
[Round "3"]
[White "Dill, James C"]
[Black "Daggupati, Balaji"]
[Result "0-1"]
[WhiteElo "1925"]
[BlackElo "2351"]
[PlyCount "70"]
[EventDate "2019.08.21"]
[EventType "swiss"]
[EventRounds "9"]
[EventCountry "USA"]
[SourceTitle "EXT 2020"]
[Source "ChessBase"]
[SourceDate "2019.10.17"]
[SourceVersion "1"]
[SourceVersionDate "2019.10.17"]
[SourceQuality "1"]

1. e4 e5 2. Nf3 Nc6 3. Bb5 a6 4. Ba4 Nf6 5. 0-0 Be7 6. Re1 b5 7. Bb3 d6 8. c3 0-0 9. h3 Bb7 10. d4 Nd7 11. Nbd2 exd4 12. cxd4 Bf6 13. Nf1 Na5 14. Bc2 Re8 15. Ng3 g6 16. Rb1 c5 17. Bf4 cxd4 18. Nxd4 Nc4 19. Bc1 Qa5 20. Nb3 Qb6 21. Bd3 Nde5 22. Bxc4 bxc4 23. Be3 Qd8 24. Nd2 Nd3 25. Re2 Nxb2 26. Qc2 c3 27. Nf3 Rc8 28. Bd4 Bxd4 29. Nxd4 d5 30. exd5 Qxd5 31. Nf3 Qxa2 32. Rxe8+ Rxe8 33. Rc1 Rc8 34. Ne2 Qc4 35. Nxc3 Na4 0-1

[Event "US Masters op"]
[Site "Greensboro"]
[Date "2019.08.22"]
[Round "2"]
[White "Rodriguez Rivera, Pedro"]
[Black "Dill, James C"]
[Result "0-1"]
[WhiteElo "2183"]
[BlackElo "1925"]
[PlyCount "86"]
[EventDate "2019.08.21"]
[EventType "swiss"]
[EventRounds "9"]
[EventCountry "USA"]
[SourceTitle "EXT 2020"]
[Source "ChessBase"]
[SourceDate "2019.10.17"]
[SourceVersion "1"]
[SourceVersionDate "2019.10.17"]
[SourceQuality "1"]

1. e4 e5 2. Nf3 Nc6 3. Bc4 Bc5 4. b4 Bb6 5. a4 a6 6. Bb2 d6 7. a5 Ba7 8. b5 axb5 9. Bxb5 Bd7 10. d4 Nxd4 11. Bxd7+ Qxd7 12. Nxd4 Bxd4 13. Bxd4 exd4 14. Qxd4 Nf6 15. Nc3 0-0 16. 0-0 Ra6 17. Rfb1 Qc6 18. Rb5 Nxe4 19. Qxe4 Qxc3 20. Rab1 Rxa5 21. Rxa5 Qxa5 22. Qxb7 Qc3 23. Qe4 g6 24. h4 c6 25. Rb3 Qa1+ 26. Kh2 Qe5+ 27. Qxe5 dxe5 28. Rb6 Rc8 29. g4 Rc7 30. g5 Kg7 31. Kg3 f5 32. f4 e4 33. Kf2 Kf7 34. Ke3 Ke6 35. Rb8 Kd5 36. Rd8+ Kc4 37. h5 c5 38. h6 Kc3 39. Rg8 Kxc2 40. Rg7 Rc8 41. Rxh7 Kd1 42. Rd7+ Ke1 43. Rg7 Rd8 0-1

[Event "US Masters op"]
[Site "Greensboro"]
[Date "2019.08.21"]
[Round "1"]
[White "Dill, James C"]
[Black "Kiewra, Keaton F"]
[Result "0-1"]
[WhiteElo "1925"]
[BlackElo "2360"]
[PlyCount "76"]
[EventDate "2019.08.21"]
[EventType "swiss"]
[EventRounds "9"]
[EventCountry "USA"]
[SourceTitle "EXT 2020"]
[Source "ChessBase"]
[SourceDate "2019.10.17"]
[SourceVersion "1"]
[SourceVersionDate "2019.10.17"]
[SourceQuality "1"]

1. e4 c5 2. Nf3 g6 3. d4 cxd4 4. Nxd4 Nf6 5. Nc3 d6 6. Be2 Bg7 7. 0-0 Nc6 8. Nb3 0-0 9. Bg5 Be6 10. Kh1 a5 11. a4 Rc8 12. f4 Nb4 13. f5 Bc4 14. Bxc4 Rxc4 15. Qe2 Rc8 16. Rad1 Qc7 17. Nd4 Qc4 18. Rfe1 Rfe8 19. Ndb5 Qxe2 20. Rxe2 Ng4 21. h3 Ne5 22. Nd5 Nxd5 23. Rxd5 Nd7 24. b3 Be5 25. Rd3 Nc5 26. Rf3 f6 27. Bf4 gxf5 28. Bxe5 dxe5 29. Rxf5 Red8 30. Rf3 Ne6 31. c3 Rd1+ 32. Kh2 Rb1 33. c4 Rd8 34. Ree3 Rb2 35. Rg3+ Kf7 36. Rg4 h5 37. Rgg3 Nf4 38. Nc3 Rdd2 0-1

[Event "North American-ch U20"]
[Site "Charlotte"]
[Date "2019.06.26"]
[Round "1"]
[White "Dill, James C"]
[Black "Sinha, Sahil"]
[Result "1/2-1/2"]
[WhiteElo "1885"]
[BlackElo "2283"]
[PlyCount "141"]
[EventDate "2019.06.26"]
[EventType "swiss"]
[EventRounds "9"]
[EventCountry "USA"]
[SourceTitle "CBM 191 Extra"]
[Source "ChessBase"]
[SourceDate "2019.09.30"]
[SourceVersion "1"]
[SourceVersionDate "2019.09.30"]
[SourceQuality "1"]

1. e4 c5 2. Nf3 d6 3. d4 cxd4 4. Nxd4 Nf6 5. Nc3 Nc6 6. Be2 e5 7. Nf3 h6 8. 0-0 Be7 9. Re1 0-0 10. h3 a6 11. Bf1 Be6 12. b3 Qa5 13. Bd2 Qc7 14. Bc4 Bxc4 15. bxc4 Na5 16. Nd5 Nxd5 17. cxd5 Nc4 18. a4 Rfc8 19. Bc3 a5 20. Qd3 Bd8 21. Reb1 Nb6 22. Rb3 Nd7 23. Rba3 Qc5 24. R1a2 Qb6 25. Rb2 Qc7 26. Bd2 Nc5 27. Qe2 Qd7 28. Rb5 f5 29. exf5 Qxf5 30. c4 Qc2 31. Ne1 Qe4 32. Re3 Qh4 33. Rg3 Kh7 34. Be3 b6 35. Bxc5 Rxc5 36. Qc2+ Kg8 37. Qg6 Qf6 38. Qxf6 Bxf6 39. Rxc5 bxc5 40. Rb3 e4 41. Rb6 Bd4 42. Nc2 Be5 43. Kf1 Kf7 44. Ke2 Bf4 45. g3 Be5 46. Ke3 Re8 47. Ra6 Rb8 48. Kxe4 Rb2 49. Ra7+ Kg6 50. Ne3 Rxf2 51. Ng4 Re2+ 52. Kd3 Rg2 53. Nxe5+ dxe5 54. Rxa5 Kf5 55. Rxc5 Rxg3+ 56. Ke2 Rxh3 57. d6 Rh2+ 58. Ke3 Rh3+ 59. Kf2 Ke6 60. Rd5 Kd7 61. c5 Rh2+ 62. Ke3 Rc2 63. Rxe5 Kc6 64. Kd3 Rc1 65. a5 g5 66. Kd4 g4 67. Re7 Rd1+ 68. Kc4 Rc1+ 69. Kd4 Rd1+ 70. Kc4 Rc1+ 71. Kd4 1/2-1/2

[Event "Charlotte Southeastern op 3rd"]
[Site "Charlotte"]
[Date "2016.12.17"]
[Round "3"]
[White "Dill, James C"]
[Black "Tong, Alexander Dun Yin"]
[Result "1/2-1/2"]
[WhiteElo "1698"]
[BlackElo "1813"]
[PlyCount "93"]
[EventDate "2016.12.16"]
[EventType "swiss"]
[EventRounds "5"]
[EventCountry "USA"]
[SourceTitle "CBM 176 Extra"]
[Source "ChessBase"]
[SourceDate "2017.03.02"]
[SourceVersion "1"]
[SourceVersionDate "2017.03.02"]
[SourceQuality "1"]

1. e4 c5 2. c3 d5 3. exd5 Qxd5 4. d4 g6 5. Nf3 Bg7 6. Be2 Nf6 7. dxc5 Qxc5 8. Be3 Qc7 9. Na3 a6 10. Nc4 Nbd7 11. a4 b6 12. a5 bxa5 13. Qa4 Nd5 14. Bd4 0-0 15. Qxa5 Qxa5 16. Rxa5 Nf4 17. g3 Nxe2 18. Kxe2 f6 19. Rha1 Bb7 20. Nb6 Nxb6 21. Bxb6 e5 22. Nd2 Rfc8 23. Bc5 Bd5 24. c4 Bb7 25. b4 f5 26. R1a2 e4 27. Nf1 Bf6 28. Ne3 Bd8 29. R5a3 a5 30. Kd2 axb4 31. Rxa8 Rxa8 32. Rxa8 Bxa8 33. Bxb4 Kf7 34. Nd5 Ke6 35. Nf4+ Ke5 36. c5 Kf6 37. Bc3+ Ke7 38. Ke3 g5 39. Ne2 Ke6 40. Nd4+ Kd5 41. Nxf5 Kxc5 42. Nd4 Bd5 43. Ne2 Kd6 44. Bd4 Ba5 45. Nc3 Bxc3 46. Bxc3 g4 47. Bd4 1/2-1/2

[Event "Windsor NAYCC U14"]
[Site "Windsor"]
[Date "2016.08.07"]
[Round "1.66"]
[White "Hou, Frank Gui"]
[Black "Dill, James C"]
[Result "1-0"]
[WhiteElo "1295"]
[BlackElo "1870"]
[PlyCount "66"]
[EventDate "2016.08.07"]
[EventType "swiss"]
[EventRounds "9"]
[EventCountry "CAN"]
[SourceTitle "EXT 2022"]
[Source "ChessBase"]
[SourceDate "2021.10.06"]
[SourceVersion "1"]
[SourceVersionDate "2021.10.06"]
[SourceQuality "1"]

1. e4 e5 2. Nf3 Nc6 3. Bb5 a6 4. Ba4 Nf6 5. d3 b5 6. Bb3 Be7 7. h3 d6 8. Be3 0-0 9. 0-0 Na5 10. Nc3 Nxb3 11. axb3 Bd7 12. Re1 c5 13. Nd5 Nxd5 14. exd5 f5 15. Bd2 f4 16. b4 cxb4 17. Bxb4 Rf6 18. Qe2 Rg6 19. Kh1 a5 20. Bd2 Qc8 21. Kh2 Rh6 22. Bxf4 exf4 23. Qxe7 Bxh3 24. Nh4 Bxg2 25. Kxg2 Qg4+ 26. Kf1 Qxh4 27. Qxh4 Rxh4 28. Kg2 Rh5 29. c4 bxc4 30. dxc4 Rb8 31. Re4 Rxb2 32. Rxf4 Rc2 33. Rxa5 Rh6 1-0